Poverty alleviation in contemporary china (Record no. 587857)
[ view plain ]
| 000 -LEADER | |
|---|---|
| fixed length control field | 00352nam a22001217a 4500 |
| 082 ## - DEWEY DECIMAL CLASSIFICATION NUMBER | |
| Classification number | 339.46 SAN |
| 100 ## - MAIN ENTRY--PERSONAL NAME | |
| Personal name | Wang Sangui |
| 245 ## - TITLE STATEMENT | |
| Title | Poverty alleviation in contemporary china |
| Statement of responsibility, etc. | Wang Sangui (editor) |
| 260 ## - PUBLICATION, DISTRIBUTION, ETC. | |
| Place of publication, distribution, etc. | Beijing |
| Name of publisher, distributor, etc. | China Renmin University Press |
| 300 ## - PHYSICAL DESCRIPTION | |
| Extent | 298p |
| 942 ## - ADDED ENTRY ELEMENTS (KOHA) | |
| Source of classification or shelving scheme | |
| Koha item type | Book |
| Withdrawn status | Lost status | Source of classification or shelving scheme | Damaged status | Not for loan | Permanent Location | Current Location | Date acquired | Total Checkouts | Full call number | Barcode | Date last seen | Price effective from | Koha item type | Public note |
|---|---|---|---|---|---|---|---|---|---|---|---|---|---|---|
| School of Civil and Environmental Engineering (SCEE) | School of Civil and Environmental Engineering (SCEE) | 02/14/2022 | 339.46 SAN | NIT-13496 | 02/14/2022 | 02/14/2022 | Book | Chinese Donation |
